Central Library OPAC University of Rajshahi

স্বপ্প দেখার দুটি চোখ / (Record no. 39354)

MARC details
000 -LEADER
fixed length control field 00765nam a2200229 a 4500
001 - CONTROL NUMBER
control field 39354
003 - CONTROL NUMBER IDENTIFIER
rucl marc code BD-RjUL
005 - DATE AND TIME OF LATEST TRANSACTION
control field 20211209052955.0
008 - FIXED-LENGTH DATA ELEMENTS--GENERAL INFORMATION
fixed length control field 160409s2015 bg ||||e |||| 00| 0 ben d
020 ## - INTERNATIONAL STANDARD BOOK NUMBER
International Standard Book Number 9789849051039:
Terms of availability TK.47.00
035 ## - SYSTEM CONTROL NUMBER
System control number (BD-RjUL)
040 ## - CATALOGING SOURCE
Original cataloging agency BD-RjUL
Language of cataloging ben
Transcribing agency BD-RjUL
041 ## - LANGUAGE CODE
Language code of text/sound track or separate title ben
082 ## - DEWEY DECIMAL CLASSIFICATION NUMBER
Edition number 23
Classification number 891.443
Author mark and year SIS 2015
100 ## - MAIN ENTRY--PERSONAL NAME
Personal name সিদ্দিকী, ম আ ব
9 (RLIN) 121322
245 ## - TITLE STATEMENT
Title স্বপ্প দেখার দুটি চোখ /
Statement of responsibility, etc. ম আ ব সিদ্দিকী
260 ## - PUBLICATION, DISTRIBUTION, ETC. (IMPRINT)
Place of publication, distribution, etc. নওগাঁ :
Name of publisher, distributor, etc. রবু শেঠ,
Date of publication, distribution, etc. ২০১৫
300 ## - PHYSICAL DESCRIPTION
Pagination ৪৭ পৃ. ;
Size ২২ সেমি.
650 ## - SUBJECT ADDED ENTRY--TOPICAL TERM
Topical term or geographic name as entry element বাংলা উপন্যাস
9 (RLIN) 121323
Topical term or geographic name as entry element Bengali Fiction
9 (RLIN) 121324
942 ## - ADDED ENTRY ELEMENTS (KOHA)
Source of classification or shelving scheme Dewey Decimal Classification
Koha item type Books
Holdings
Lost status Source of classification or shelving scheme Damaged status Not for loan Collection code Permanent Location Current Location Shelving location Date acquired Source of acquisition Cost, normal purchase price Total Checkouts Full call number Date last seen Copy number Koha item type
  Dewey Decimal Classification   Not For Loan Fiction Central Library, University of Rajshahi Central Library, University of Rajshahi Reading Room 03/02/2015 Library of R.U 47.00   B 891.443 SIS 2015 09/04/2016 C-1 Books